000 01350cam a2200349 a 4500
001 EDZ0000072080
003 StDuBDS
005 20161031105212.0
006 m||||||||d||||||||
007 cr |||||||||||
008 120412s2007 enkac fo| 001|0|eng d
020 _a9781446222270 (ebook) :
_cNo price
040 _aStDuBDS
_beng
_cStDuBDS
_epn
049 _aAlfaisal Main Library
050 0 _aHV8196.A3
_bM35 2007
082 0 4 _a363.2
_223
100 1 _aMcLaughlin, Eugene,
_d1959-
245 1 4 _aThe new policing
_h[electronic resource] /
_cEugene McLaughlin.
260 _aLondon :
_bSAGE,
_c2007.
300 _a1 online resource (xv, 246 p.) :
_bill., ports.
504 _aIncludes bibliographical references and index.
520 8 _a'The New Policing' provides an introduction to the critical issues confronting policing today. It incorporates an overview of traditional approaches to the study of the police with a discussion of current perspectives.
521 _aSpecialized.
588 _aDescription based on print version record.
650 0 _aPolice.
650 0 _aPolice administration.
655 7 _aElectronic books.
_2local
710 2 _aSage eBooks
776 0 8 _iPrint version :
_z9780803989054
856 4 0 _uhttp://ezproxy.alfaisal.edu/login?url=http://sk.sagepub.com/books/the-new-policing
942 _2lcc
_cEBOOKS
999 _c481600
_d481600